Katastrofy lotnicze w największych krajach - Statystyki

Ogólne statystyki
  • Ten quiz został rozwiązany 175 razy
  • Średni wynik to 6 z 10
Statystyki odpowiedzi
Miejsce Państwo % Poprawnych
9. Stany Zjednoczone
97%
1. Hiszpania
80%
2. Japonia
80%
4. Francja
77%
3. Indie
69%
10. Wielka brytania
61%
7. Ukraina
52%
8. Iran
42%
5. Irlandia
31%
6. Arabia Sudyjska
3%
Nie znaleziono quizów pasujących do podanych kryteriów
Rozkład punktacji
Procent ludzi z każdym wynikiem
Percentyl według liczby udzielonych odpowiedzi
Twoja historia wyników
Nie rozwiązałeś tego quizu